000 06303cam a22018494i 4500
003 PE-LiUPU
005 20250813165411.0
008 170207s2016 spaa rb 000 0 spa d
020 _a8490228736
020 _a9788490228739
035 _a(Sirsi) a166798
040 _aPE-LiUPU
_bspa
_cPE-LiUPU
_erda
049 _aPRUA
082 0 4 _a610.73
_bP45
_221
100 1 _aPerry, Anne Griffin,
_eautor.
245 1 0 _aGuía Mosby de habilidades y procedimientos en enfermería /
_cAnne Griffin Perry, Patricia A. Potter.
250 _aOctava edición
264 1 _aBarcelona :
_bElsevier España,
_c2016
300 _aXII, 666 páginas :
_bilustraciones ;
_c20 centimetros
336 _atext
_2rdacontent
337 _aunmediated
_2rdamedia
338 _avolume
_2rdacarrier
504 _aBibliografía: páginas 641-650.
504 _aÍndices: páginas 651.
505 0 _aAdministración de gotas óticas 1-- Administración de medicación por vía tópica 5 --Administración de medicación por vía vaginal 13 -- Administración de medicación rectal 20 -- Analgesia controlada por el paciente 26 -- Aanlgesia epidural 32 -- Aplicación de calor seco: almohadillas acuatérmicas y esterillas 40 -- Aplicación de frío 44 --Aplicación de restricciones 50 -- Apósitos hidrocoloide, de hidrogel, de espuma o de absorción 58 -- Apósitos secos y húmedos a secos 67 -- Apósitos transparentes 77 -- Aspiración de secreciones con sistema cerrado 82 -- Aspiraciones de secreciones: nasofaringea, nasotraqueal y vía aérea artificial 86 Calor húmedo: compresa y baño de asiento 100 -- Camas especiales: de aire fluidizado, de aire en suspensión y rotocinéticas 107 -- Catéter venoso periférico: cuidados de mantenimiento y retirada 115 -- Catéter venoso periférico: inserción e inicio de perfusión 122 -- Catéter venoso periférico: regular el ritmo de perfusión y cambiar los equipos y la solución 141 -- Colector urinario 151 -- Cuidados bucales para pacientes inconcientes o debilitados 156 -- Cuidado de la ostomía (bolsa) 161 -- Cuidados de la sonda suprapúbica 166 -- Cuidados de la traqueostomía 171 -- Cuidados de pies y uñas 180 -- Cuidados del catéter venoso central de inserción periférica 185 -- Cudados del dispositivo de acceso venoso central: catéter venoso central y reservorio 194 -- Cuidados del drenaje torácico 209 -- Cuidados y retirada de la sonda vesical 225 -- Derivación urinaria: bolsa para urostomía 233 -- Desfibrilador externo automático 238 -- Determinación de la glucemía -- Determinación de pulso apical radial 249 -- Determinación del volumen residual posmiccional 251 -- Dispositivo de compresión secuencial y medidas alásticas 254 -- Dispositivo de movimiento pasivo continuo 260 -- Dispositivos de ayuda a la deambulación: muletas, bastón y andador 264 -- Drenaje de heridas: Jackson-Pratt, Hemovac 279 --Ejercicios postoperatorios 284 -- Enemas 295 -- Entorno libre de restricciones 303 -- Espirometría de incentivo 308 -- Fecaloma: extracción digital 310 -- Grúas mecánicas 314 .
526 _aP203
526 _aP200
526 _aSEG65
526 _aSEG64
526 _aSEG63
526 _aSEG62
526 _aSEG61
526 _aSEG60
526 _aSEG59
526 _aSEG58
526 _aSEG57
526 _aSEG56
526 _aSEG55
526 _aSEG54
526 _aSEG53
526 _aSEG52
526 _aSEG51
526 _aSEG50
526 _aSEG49
526 _aSEG48
526 _aSEG47
526 _aSEG46
526 _aSEG24
526 _aSEG23
526 _aSEG22
526 _aSEG21
526 _aSEG20
526 _aSEG19
526 _aSEG18
526 _aSEG17
526 _aSEG16
526 _aSEG14
526 _aSEG13
526 _aSEG12
526 _aSEG11
526 _aSEG10
526 _aSEG09
526 _aSEG06
526 _aSEG05
526 _aSEG04
526 _aSEG03
526 _aSEG02
526 _aSEG68
526 _aSEG66
526 _aSEG45
526 _aSEG25
526 _aSEG01
526 _aP163
526 _aP162
526 _aP161
526 _aP160
526 _aP159
526 _aP158
526 _aP157
526 _aP156
526 _aP155
526 _aP154
526 _aP153
526 _aP152
526 _aP151
526 _aP150
526 _aP149
526 _aP142
526 _aP141
526 _aP140
526 _aP139
526 _aP138
526 _aP137
526 _aP132
526 _aP131
526 _aP130
526 _aP126
526 _aP125
526 _aP124
526 _aP123
526 _aP115
526 _aP122
526 _aP121
526 _aP116
526 _a P114
526 _aP112
526 _aP111
526 _aP104
526 _aP103
526 _aP102
526 _aP101
526 _aP100
526 _aP96
526 _aP95
526 _aP93
526 _aP92
526 _aP91
526 _aP88
526 _aP83
526 _aP82
526 _aP79
526 _aP78
526 _aP75
526 _aP74
526 _aP71
526 _aP69
526 _a P51
526 _aP49
526 _aP48
526 _aP47
526 _aP33
526 _aP31
526 _a P30
526 _aP29
526 _aP27
526 _aP26
526 _aP25
526 _aP24
526 _a P22
526 _aP10
526 _aP09
526 _a P08
526 _aP06
526 _aP05
526 _aP04
526 _aP01
541 _g001-000526;
650 0 4 _aCuidados a los enfermos.
650 0 4 _aEnfermería práctica.
700 1 _aPotter, Patricia A.,
_eautor.
910 _agl
_bjv
_cng
_d20110822
942 _2ddc
_cBOOK
949 _a610.73 P45
_wDEWEY
_c1
_i75638
_lCCODEBUL1
_mBUL
_p60.00
_r0
_sY
_tBOOK
_u2017-02-7
_xFSALUD
_PP22
_o.STAFF. Colección Ciencias de la Salud
994 _aC0
_bPEPRU
596 _a1
999 _a610.73 P45
_wLC
_c15536
_i75638
_d15536
_e2019-6-16
_f2021-11-3
_g5
_lCCODEBUL1
_mBUL
_n25
_p60.00
_q5
_r0
_sY
_tBOOK
_u2017-2-7
_xSALUD
_PP22
_0COMPRA
_o.STAFF. Colección Ciencias de la Salud
980 _81
_gALBERTO SANCHEZ Responsable de Automatización